Gobernanza e innovacin̤ en la gestin̤ pb︢lica : Alcobendas 1979-2003 /

Detalles Bibliográficos
Autor principal: Iglesias Alonso, ℓngel
Autor Corporativo: Instituto Nacional de Administracin̤ Pb︢lica (Espaą)
Formato: Libro
Lenguaje:español
Publicado: Madrid : Ayuntamiento de Alcobendas. Instituto Nacional de Administracin̤ Pb︢lica, 2006
Colección:Estudios y documentos (Instituto Nacional de Administracin̤ Pb︢lica (Espaą))
Materias:
Acceso en línea:Acceso restringido

MARC

LEADER 00000nam a2200000 a 4500
005 20110708101952.0
008 070710s2006 sp |||||| 000 ||spa|c
020 |a 9788473512626 
020 |a 8473512626 
035 |a 5549 
040 |d vLex 
090 |c 2189  |d 2189 
100 1 |a Iglesias Alonso, ℓngel 
245 1 0 |a Gobernanza e innovacin̤ en la gestin̤ pb︢lica :  |b Alcobendas 1979-2003 /  |c ℓngel Iglesias Alonso  |h [Recurso electrn̤ico] 
256 |a Servicio en ln̕ea. 
260 |a Madrid :  |b Ayuntamiento de Alcobendas. Instituto Nacional de Administracin̤ Pb︢lica,  |c 2006 
300 |a 367 p. 
504 |a Referencias bibliogrf̀icas 
506 1 |a Contenido solo disponible en los productos indicados  |d vLex Global  |d vLex Global (Academic Edition, excluding Law Schools)  |d vLex Global (U.S. Academic Edition, Law Schools)  |d vLex Global (U.S. Academic Edition, excluding Law Schools)  |d vLex Global (Academic Edition, Law Schools) 
650 0 7 |a Administracin̤ pb︢lica  |2 Tesauro vLex 
650 0 7 |a Administracin̤ General del Estado  |2 Tesauro vLex 
650 0 7 |2 Tesauro vLex  |a Órganos constitucionales 
650 0 7 |2 Tesauro vLex  |a Gobierno 
710 2 |a Instituto Nacional de Administracin̤ Pb︢lica (Espaą) 
740 0 |a vLex Libros (Servicio en ln̕ea) 
830 0 |a Estudios y documentos (Instituto Nacional de Administracin̤ Pb︢lica (Espaą)) 
856 4 0 |u http://vlex.com/source/gobernanza-innovacion-gestion-publica-alcobendas-1979-2003-5549  |z Acceso restringido 
942 |c BOOK